عرض عادي
عرض مارك
- عبد المعين، وليد
دخول Personal Name
001 - CONTROL NUMBER
- control field: 28995
003 - CONTROL NUMBER IDENTIFIER
- control field: AE-AdECS
005 - DATE AND TIME OF LATEST TRANSACTION
- control field: 20260423134900.0
008 - FIXED-LENGTH DATA ELEMENTS
- fixed length control field: 260423|| aca||aabn | a|a d
040 ## - CATALOGING SOURCE
- Original cataloging agency: AE-AdECS
- Transcribing agency: AE-AdECS
100 ## - HEADING--PERSONAL NAME
- Personal name: عبد المعين، وليد
670 ## - SOURCE DATA FOUND
- Source citation: Work cat.: (AE-AdECS)294858: عبد المعين، وليد مؤلف., المرجع التربوي في تعليم وتنمية مهارات الأطفال المكفوفين /
